Normal view MARC view
  • PROJECT SUPERVISOR DR.BRIG. SHOAB AHMED KHAN DR. WASI HAIDER BUTT

Entry Corporate Name

Number of records used in: 1

001 - CONTROL NUMBER

  • control field: 97120

003 - CONTROL NUMBER IDENTIFIER

  • control field: NUST

005 - DATE AND TIME OF LATEST TRANSACTION

  • control field: 20220815103147.0

008 - FIXED-LENGTH DATA ELEMENTS

  • fixed length control field: 220815|| aca||aabn | a|a d

040 ## - CATALOGING SOURCE

  • Original cataloging agency: NUST
  • Transcribing agency: NUST

110 ## - HEADING--CORPORATE NAME

  • Corporate name or jurisdiction name as entry element: PROJECT SUPERVISOR DR.BRIG. SHOAB AHMED KHAN DR. WASI HAIDER BUTT

670 ## - SOURCE DATA FOUND

  • Source citation: Work cat.: (NUST): NS AMNAH SIDDIQUA NS SAJID MEHMOOD 97119, PR-SOF-2106-A Generic Data Analytics Framework for Descriptive, Predictive and Prescriptive AI, 2022.
© 2023 Central Library, National University of Sciences and Technology. All Rights Reserved.